[Event "8th Sunway Sitges 2021"]
[Site "Sitges ESP"]
[Date "2021.12.15"]
[Round "3.18"]
[White "Prraneeth, Vuppala"]
[Black "Harsha, Bharathakoti"]
[Result "0-1"]
[WhiteTitle "CM"]
[BlackTitle "GM"]
[WhiteElo "2377"]
[BlackElo "2489"]
[WhiteFideId "46622373"]
[BlackFideId "5078776"]
[EventDate "2021.12.13"]

1. e4 e6 2. d4 d5 3. Nc3 Bb4 4. e5 c5 5. a3 Bxc3+ 6. bxc3 Qa5 7. Bd2 Qa4 8. Qg4
Kf8 9. h4 Nc6 10. h5 h6 11. Qd1 b6 12. Nf3 Ba6 13. Rh4 Bxf1 14. Kxf1 cxd4 15.
Nxd4 Qa6+ 16. Kg1 Nxe5 17. c4 Nf6 18. cxd5 exd5 19. Nf5 Re8 20. Bb4+ Kg8 21. f4
Ned7 22. Ne7+ Kh7 23. Nxd5 Qc4 24. Nxf6+ Nxf6 25. Rh3 Re2 26. Qd3+ Qxd3 27. Rxd3
Nxh5 28. Rd7 Rc8 29. Re1 Nxf4 30. Rxf7 Rxg2+ 31. Kf1 Rg4 32. Re4 Nd5 33. Rxg4
Ne3+ 34. Kf2 Nxg4+ 35. Kg3 Ne5 36. Rxa7 Nc6 37. Rb7 Nxb4 38. axb4 Rc3+ 0-1

[Event "8th Sunway Sitges 2021"]
[Site "Sitges ESP"]
[Date "2021.12.15"]
[Round "3.19"]
[White "Vasquez Schroeder, Rodrigo"]
[Black "Soumya, Swaminathan"]
[Result "0-1"]
[WhiteTitle "GM"]
[BlackTitle "IM"]
[WhiteElo "2484"]
[BlackElo "2351"]
[WhiteFideId "3400042"]
[BlackFideId "5016193"]
[EventDate "2021.12.13"]

1. d4 Nf6 2. c4 c5 3. d5 e6 4. Nc3 exd5 5. cxd5 d6 6. Nf3 g6 7. Nd2 Bg7 8. e4
O-O 9. Be2 Re8 10. O-O Na6 11. f3 Nc7 12. a4 b6 13. Kh1 Rb8 14. Nc4 a6 15. Bf4
Bf8 16. Qd2 b5 17. Na5 Bd7 18. axb5 axb5 19. Rfe1 b4 20. Nd1 Nb5 21. Nb3 Nh5 22.
Bg5 Be7 23. Bxe7 Qxe7 24. Ne3 Ra8 25. Rxa8 Rxa8 26. Nc4 Be8 27. f4 Qh4 28. Bxh5
Qxh5 29. e5 Rd8 30. exd6 Nd4 31. Nxd4 Qxd5 32. Nf3 Qxc4 33. Ne5 Qd4 34. Qc1 Qxd6
35. f5 f6 36. Ng4 g5 37. Qc4+ Kg7 38. h3 Bf7 39. Qf1 h5 40. Ne3 Qg3 41. Kg1 c4
42. Qf2 Qxf2+ 43. Kxf2 Rd3 44. Re2 b3 45. Kf3 Kf8 46. Ke4 Ke7 47. g3 Kd6 48. Re1
Kc5 49. Ra1 Be8 50. Ra5+ Bb5 0-1

[Event "8th Sunway Sitges 2021"]
[Site "Sitges ESP"]
[Date "2021.12.15"]
[Round "3.20"]
[White "Garriga Cazorla, Pere"]
[Black "Ollenberger, Roland"]
[Result "1-0"]
[WhiteTitle "IM"]
[BlackTitle "FM"]
[WhiteElo "2477"]
[BlackElo "2255"]
[WhiteFideId "32011601"]
[BlackFideId "24608440"]
[EventDate "2021.12.13"]

1. d4 Nf6 2. c4 e6 3. Nf3 Bb4+ 4. Nbd2 O-O 5. a3 Be7 6. e4 d5 7. e5 Nfd7 8. Bd3
c5 9. h4 h6 10. Bb1 cxd4 11. Qc2 f5 12. cxd5 exd5 13. Nb3 Nc6 14. Bf4 Qb6 15.
Ba2 Re8 16. O-O-O Nc5 17. Nbxd4 Nxd4 18. Nxd4 Bd7 19. Nxf5 Bxf5 20. Qxf5 Na4 21.
Bxd5+ Kh8 22. Rd2 Rf8 23. Qe4 Rac8+ 24. Kd1 Nxb2+ 25. Ke2 Bxa3 26. Ra1 Qb5+ 27.
Kf3 Nc4 28. Rd4 Qb2 29. Rad1 b5 30. g3 Bc5 31. Kg2 Bxd4 32. Rxd4 Qb4 33. Qg6 Qe7
34. Be4 Kg8 35. e6 1-0

[Event "8th Sunway Sitges 2021"]
[Site "Sitges ESP"]
[Date "2021.12.15"]
[Round "3.21"]
[White "Stefanova, Antoaneta"]
[Black "Devnani, Kush"]
[Result "1/2-1/2"]
[WhiteTitle "GM"]
[WhiteElo "2469"]
[BlackElo "1934"]
[WhiteFideId "2902257"]
[BlackFideId "45093806"]
[EventDate "2021.12.13"]

1. Nf3 d5 2. g3 Nd7 3. d4 Nb6 4. Bg2 Bf5 5. b3 e6 6. O-O c6 7. a4 a5 8. c4 Be7
9. Nc3 Nf6 10. Nd2 O-O 11. e4 dxe4 12. Ndxe4 Nxe4 13. Nxe4 Nd7 14. g4 Bxe4 15.
Bxe4 e5 16. d5 Nc5 17. Bg2 Qb6 18. Be3 Rad8 19. Rb1 cxd5 20. Bxd5 Qg6 21. Kh1
Ne4 22. Qc1 Nf6 23. Bxb7 Nxg4 24. Rg1 Qh5 25. Rg2 Nxe3 26. Qxe3 Rd1+ 27. Rg1
Rxb1 28. Rxb1 Rb8 29. Bd5 Rc8 30. Re1 Bd6 31. Qg3 Qg6 32. Qh3 Rb8 33. Be4 Qh6
34. Qxh6 gxh6 35. Re3 Bc5 36. Rf3 Kg7 37. Kg2 f6 38. Kh3 Kf7 39. Bxh7 Rd8 40.
Be4 Rd2 41. Bd5+ Ke7 42. Kg4 Rxf2 43. Rxf2 Bxf2 44. Kf5 Bd4 45. Kg6 Be3 46. h3
Kd6 47. Kxf6 Bd4 48. Be4 Bc3 49. Kg6 Bd2 50. Kf5 Bc3 51. Bc2 Bd4 52. Ke4 Kc5 53.
Bd1 Bc3 54. Kd3 Bd4 55. Bf3 Kd6 56. Kc2 Kc5 57. Be4 Kb4 58. Bf3 Kc5 59. Kd3 Kb4
60. Kc2 1/2-1/2

[Event "8th Sunway Sitges 2021"]
[Site "Sitges ESP"]
[Date "2021.12.15"]
[Round "3.22"]
[White "Dalaud, Dorian"]
[Black "Kurmann, Oliver"]
[Result "1/2-1/2"]
[WhiteTitle "FM"]
[BlackTitle "IM"]
[WhiteElo "2275"]
[BlackElo "2466"]
[WhiteFideId "36093270"]
[BlackFideId "1308173"]
[EventDate "2021.12.13"]

1. e4 e5 2. Nf3 Nc6 3. Bb5 g6 4. O-O Bg7 5. c3 a6 6. Ba4 Nge7 7. d4 exd4 8. cxd4
b5 9. Bb3 O-O 10. Nc3 d6 11. h3 Na5 12. Bg5 h6 13. Bh4 Nxb3 14. Qxb3 Bb7 15. a4
Rb8 16. axb5 axb5 17. d5 g5 18. Nxg5 Ng6 19. Ne6 Qxh4 20. Nxf8 Rxf8 21. Nxb5
Qxe4 22. Rfe1 Bxd5 23. Rxe4 Bxb3 24. Rb4 Bc2 25. Nxc7 Ne5 26. Ra6 Nd3 27. Rg4
Rd8 28. Ne6 fxe6 29. Ra7 Nxb2 30. Rgxg7+ Kh8 31. Rge7 d5 32. Rxe6 d4 33. Rxh6+
Kg8 34. Rh4 d3 35. Rg4+ Kh8 36. Rh4+ Kg8 37. Rg4+ Kh8 38. Rh4+ Kg8 1/2-1/2

[Event "8th Sunway Sitges 2021"]
[Site "Sitges ESP"]
[Date "2021.12.15"]
[Round "3.23"]
[White "Quintiliano Pinto, Renato R."]
[Black "Latifah, Laysa"]
[Result "1-0"]
[WhiteTitle "IM"]
[WhiteElo "2466"]
[BlackElo "1897"]
[WhiteFideId "2117568"]
[BlackFideId "7111541"]
[EventDate "2021.12.13"]

1. d4 d5 2. c4 e6 3. Nc3 Nf6 4. cxd5 exd5 5. Bg5 c6 6. e3 Be7 7. Bd3 Nbd7 8.
Nge2 Nf8 9. O-O Ng6 10. Qc2 Ng4 11. Bxe7 Qxe7 12. Ng3 O-O 13. h3 Nh6 14. Rfe1 f5
15. f4 Kh8 16. Nf1 Bd7 17. Nh2 Nh4 18. g3 Ng6 19. Nf3 Rae8 20. a3 Rf6 21. Re2
Nf7 22. Rae1 Nd6 23. Rg2 Re6 24. Nd1 Ne4 25. Rf1 Rd6 26. Qe2 b6 27. Qe1 c5 28.
g4 cxd4 29. Nxd4 Nh4 30. Rh2 Kg8 31. Kh1 Rf8 32. g5 Ng6 33. h4 Rc8 34. Nc3 Qf8
35. Nxe4 fxe4 36. Ba6 Rb8 37. Bb5 Bf5 38. Rc2 Rc8 39. Rxc8 Qxc8 40. Rf2 Bg4 41.
Rc2 Bf3+ 42. Kh2 Qg4 43. Bf1 Qd7 44. Qg3 Nf8 45. f5 Qd8 46. Bh3 Bd1 47. Rc1 Ba4
48. f6 Rd7 49. Bxd7 Bxd7 50. fxg7 1-0

[Event "8th Sunway Sitges 2021"]
[Site "Sitges ESP"]
[Date "2021.12.15"]
[Round "3.24"]
[White "Aaditya, Dhingra"]
[Black "Rios, Cristhian Camilo"]
[Result "0-1"]
[WhiteTitle "CM"]
[BlackTitle "GM"]
[WhiteElo "2038"]
[BlackElo "2460"]
[WhiteFideId "25678191"]
[BlackFideId "4403940"]
[EventDate "2021.12.13"]

1. e4 c5 2. Nf3 Nc6 3. d4 cxd4 4. Nxd4 Nf6 5. Nc3 e5 6. Ndb5 d6 7. Bg5 a6 8. Na3
b5 9. Nd5 Be7 10. Bxf6 Bxf6 11. c3 O-O 12. Nc2 Rb8 13. a4 bxa4 14. Ncb4 Nxb4 15.
cxb4 Bg5 16. Rxa4 a5 17. b5 Bd7 18. Nc3 d5 19. Nxd5 Bxb5 20. Bxb5 Rxb5 21. Ra2
f5 22. O-O fxe4 23. Nc3 Rb4 24. Qxd8 Bxd8 25. Re1 Bb6 26. Re2 Rd8 27. g3 Rdd4
28. Ra1 Kf7 29. Rae1 e3 30. fxe3 Rd3 31. Kg2 Ke6 32. Kf3 Kf5 33. Rf2 Ke6 34. Rc2
Rc4 35. Rce2 Bc5 36. Ra1 Bb4 37. Ra4 Rc8 38. Ke4 Rd7 39. Na2 Rc4+ 40. Kf3 e4+
41. Kg4 Rd5 42. Nxb4 h5+ 43. Kh4 Rxb4 44. Rxb4 axb4 45. Rc2 b3 46. Rc4 Rd2 47.
Kxh5 Kd5 48. Rc3 Rd3 49. Rc7 Rxe3 50. Kg4 Re2 51. h4 Rxb2 52. Rxg7 Rf2 53. Rb7
b2 54. h5 e3 55. h6 e2 56. h7 Rf8 57. Rf7 Rh8 0-1

[Event "8th Sunway Sitges 2021"]
[Site "Sitges ESP"]
[Date "2021.12.15"]
[Round "3.25"]
[White "Nihal, Sarin"]
[Black "Aranha Filho, Alvaro Z."]
[Result "1-0"]
[WhiteTitle "GM"]
[BlackTitle "FM"]
[WhiteElo "2662"]
[BlackElo "2283"]
[WhiteFideId "25092340"]
[BlackFideId "2103931"]
[EventDate "2021.12.13"]

1. e4 e5 2. Nf3 Nf6 3. Nxe5 d6 4. Nf3 Nxe4 5. Bd3 Nf6 6. O-O Be7 7. Re1 O-O 8.
c3 b6 9. Bc2 Bb7 10. d4 Nbd7 11. h3 Re8 12. Bf4 Bf8 13. Nbd2 Rxe1+ 14. Qxe1 Qe7
15. Qf1 Re8 16. a4 a5 17. Bd3 Qd8 18. Bb5 h6 19. Ne1 Qa8 20. Nc2 Bc6 21. Ne3 g6
22. Qc4 Nb8 23. Bxc6 Qxc6 24. Qb5 Qd7 25. Ndc4 Nc6 26. g4 Ne7 27. Qxd7 Nxd7 28.
Na3 Nf6 29. Nb5 Ned5 30. Nxd5 Nxd5 31. Bd2 c6 32. Na7 Re7 33. Nxc6 Rc7 34. Nb8
Rb7 35. Nc6 Rc7 36. c4 Rxc6 37. cxd5 Rc4 38. b4 axb4 39. Rb1 Rxd4 40. Be3 Rxd5
41. Bxb6 Bg7 42. Rxb4 Bc3 43. Rb1 Be5 44. Be3 Kg7 45. Rb5 Rd1+ 46. Kg2 Bc3 47.
Rb3 Ba5 48. Kf3 d5 49. Ke2 Re1+ 50. Kd3 Kf6 51. Rb5 Bc7 52. a5 Be5 53. f4 1-0

[Event "8th Sunway Sitges 2021"]
[Site "Sitges ESP"]
[Date "2021.12.15"]
[Round "3.26"]
[White "Tabatabaei, M. Amin"]
[Black "Lever, Erwan"]
[Result "1-0"]
[WhiteTitle "GM"]
[WhiteElo "2643"]
[BlackElo "2268"]
[WhiteFideId "12521213"]
[BlackFideId "20640099"]
[EventDate "2021.12.13"]

1. e4 c5 2. Nf3 e6 3. Nc3 Nc6 4. d4 cxd4 5. Nxd4 Qc7 6. Be2 a6 7. Nxc6 dxc6 8.
O-O e5 9. f4 Bc5+ 10. Kh1 Nf6 11. fxe5 Qxe5 12. Bf4 Qe6 13. Bf3 O-O 14. e5 Ng4
15. Ne4 Qf5 16. Nxc5 Qxf4 17. Bxg4 Qxg4 18. Qxg4 Bxg4 19. Rf4 Bh5 20. Rb4 Rfe8
21. Re1 Rad8 22. h3 Re7 23. c3 Rd5 24. Nxb7 f6 25. e6 Kf8 26. c4 Rd2 27. Nc5 a5
28. Rb8+ Re8 29. Rb6 Be2 30. Ne4 Rc2 31. Nd6 Rxe6 32. Rb8+ Ke7 33. Nf5+ 1-0

[Event "8th Sunway Sitges 2021"]
[Site "Sitges ESP"]
[Date "2021.12.15"]
[Round "3.27"]
[White "Salimova, Nurgyul"]
[Black "Abdusattorov, Nodirbek"]
[Result "0-1"]
[WhiteTitle "IM"]
[BlackTitle "GM"]
[WhiteElo "2353"]
[BlackElo "2633"]
[WhiteFideId "2915138"]
[BlackFideId "14204118"]
[EventDate "2021.12.13"]

1. d4 Nf6 2. c4 g6 3. Nf3 Bg7 4. g3 O-O 5. Bg2 d6 6. O-O Nbd7 7. Nc3 e5 8. e4
exd4 9. Nxd4 Nc5 10. h3 Re8 11. Re1 h6 12. Kh2 a5 13. f3 Nfd7 14. Be3 Ne5 15. b3
h5 16. Qd2 h4 17. g4 Ned3 18. Rf1 b6 19. Nd5 Bb7 20. Rad1 c6 21. Nf4 Nxf4 22.
Bxf4 d5 23. exd5 cxd5 24. Nb5 Ne6 25. Rfe1 Nxf4 26. Qxf4 Rxe1 27. Rxe1 dxc4 28.
bxc4 Bc6 29. Re2 Qd1 30. Re7 Rf8 31. Qd6 Qxd6+ 32. Nxd6 Bf6 33. Re2 Rd8 34. Nb5
Bg5 35. Nc3 Rd4 36. Nd5 Rxc4 37. f4 Bxd5 38. Bxd5 Bxf4+ 39. Kg2 Rd4 40. Be4 b5
41. Kf3 Bd6 42. Re3 Ra4 43. Rd3 Bg3 44. Bd5 Rf4+ 45. Ke3 Kg7 46. Bf3 Ra4 47. Bd5
Bf4+ 48. Kf3 Be5 49. Rb3 Rxa2 50. Rxb5 Ra3+ 51. Rb3 Rxb3+ 52. Bxb3 f5 53. Bc2
Kf6 54. gxf5 gxf5 55. Ke3 Bb2 56. Ba4 Ke5 57. Bd7 Bc1+ 58. Kd3 Bg5 59. Bc6 Kf4
60. Bd7 Bf6 61. Bc8 a4 62. Bd7 a3 63. Be6 Kg3 64. Ke2 f4 65. Kf1 Bd4 66. Ke2 f3+
67. Kf1 Be3 0-1

[Event "8th Sunway Sitges 2021"]
[Site "Sitges ESP"]
[Date "2021.12.15"]
[Round "3.28"]
[White "Santarius, Erik"]
[Black "Erigaisi, Arjun"]
[Result "0-1"]
[WhiteTitle "IM"]
[BlackTitle "GM"]
[WhiteElo "2355"]
[BlackElo "2629"]
[WhiteFideId "2025817"]
[BlackFideId "35009192"]
[EventDate "2021.12.13"]

1. d4 Nf6 2. c4 e6 3. Nf3 d5 4. g3 dxc4 5. Bg2 c6 6. O-O b5 7. b3 cxb3 8. Qxb3
a5 9. Rd1 Be7 10. Ne5 Ra6 11. Nc3 O-O 12. Bf4 Bb7 13. Na4 Nd5 14. Nc5 Bxc5 15.
dxc5 Qe7 16. Rac1 a4 17. Qf3 Ra8 18. e4 Nxf4 19. gxf4 f6 20. Ng4 Na6 21. Qc3
Rad8 22. Rxd8 Rxd8 23. Ne3 Qc7 24. e5 f5 25. Bf3 Rd7 26. Rd1 Rxd1+ 27. Nxd1 Qe7
28. Qa5 Nxc5 29. Qb6 Nd3 30. Bxc6 Bxc6 31. Qxc6 Nxf4 32. Qxb5 Qg5+ 33. Kf1 Qg2+
34. Ke1 Qe4+ 35. Kd2 h6 36. h4 Kh7 37. Ne3 Nh3 38. Qc4 Qxe5 39. Qxa4 Nxf2 40.
Qc4 Ne4+ 41. Kc1 Qf4 42. Qb3 Qxh4 0-1

[Event "8th Sunway Sitges 2021"]
[Site "Sitges ESP"]
[Date "2021.12.15"]
[Round "3.29"]
[White "Kollars, Dmitrij"]
[Black "Samoun, Florent"]
[Result "1-0"]
[WhiteTitle "GM"]
[BlackTitle "FM"]
[WhiteElo "2622"]
[BlackElo "2247"]
[WhiteFideId "12909572"]
[BlackFideId "664995"]
[EventDate "2021.12.13"]

1. e4 c5 2. Nf3 Nc6 3. Nc3 e5 4. Bc4 Be7 5. d3 d6 6. O-O Bg4 7. h3 Bh5 8. Nd5
Nf6 9. c3 Nxd5 10. Bxd5 Qd7 11. a3 Rc8 12. b4 b6 13. Be3 O-O 14. bxc5 Bxf3 15.
Qxf3 dxc5 16. a4 Na5 17. c4 Nc6 18. Rfb1 Nb4 19. a5 b5 20. cxb5 Qxb5 21. Qf5
Qxd3 22. Bxf7+ Kh8 23. Rd1 Qb5 24. Qh5 Qc6 25. Rac1 Qf6 26. Bc4 Rcd8 27. Rxd8
Rxd8 28. Rd1 Rxd1+ 29. Qxd1 Qd6 30. Qg4 Nc2 31. Bxc5 Qc6 32. Bd5 Qxc5 33. Qe6 1-0

[Event "8th Sunway Sitges 2021"]
[Site "Sitges ESP"]
[Date "2021.12.15"]
[Round "3.30"]
[White "Samant, Aditya S"]
[Black "Kelires, Andreas"]
[Result "1/2-1/2"]
[WhiteTitle "FM"]
[BlackTitle "GM"]
[WhiteElo "2318"]
[BlackElo "2543"]
[WhiteFideId "35080580"]
[BlackFideId "5900727"]
[EventDate "2021.12.13"]

1. e4 e5 2. Nf3 Nc6 3. Bb5 a6 4. Ba4 Nf6 5. O-O Be7 6. Re1 b5 7. Bb3 d6 8. c3
O-O 9. h3 Nd7 10. d4 Bb7 11. Nbd2 exd4 12. cxd4 Bf6 13. Nf1 Na5 14. Bc2 Re8 15.
Rb1 c5 16. d5 Nc4 17. N3h2 Nce5 18. f4 Ng6 19. Nf3 Nh4 20. Ne3 c4 21. Nxh4 Bxh4
22. Rf1 Nc5 23. Qf3 Bc8 24. b4 Nd3 25. Bxd3 cxd3 26. Bb2 a5 27. bxa5 Rxa5 28. a3
Ra4 29. e5 b4 30. axb4 Rxb4 31. e6 Qb6 32. Kh2 fxe6 33. dxe6 Bxe6 34. Nd5 Bxd5
35. Qxd5+ Kh8 36. Qh5 Rg8 37. Bxg7+ Rxg7 38. Qxh4 Rxb1 39. Rxb1 Qxb1 40. Qd8+ 1/2-1/2

[Event "8th Sunway Sitges 2021"]
[Site "Sitges ESP"]
[Date "2021.12.15"]
[Round "3.31"]
[White "Vitenberg, Noam Aviv"]
[Black "Kulaots, Kaido"]
[Result "1/2-1/2"]
[WhiteTitle "FM"]
[BlackTitle "GM"]
[WhiteElo "2327"]
[BlackElo "2519"]
[WhiteFideId "1532138"]
[BlackFideId "4500261"]
[EventDate "2021.12.13"]

1. Nf3 c5 2. c4 Nf6 3. Nc3 e6 4. e3 Nc6 5. d4 d5 6. a3 a6 7. dxc5 Bxc5 8. b4 Bd6
9. Bb2 O-O 10. Qc2 Qe7 11. Rd1 dxc4 12. Bxc4 Ne5 13. Ne4 Nxe4 14. Nxe5 Nf6 15.
Be2 Rd8 16. Bf3 Bd7 17. Nxd7 Rxd7 18. O-O a5 19. bxa5 Rxa5 20. a4 Ne8 21. Rd4
Rc7 22. Rc4 Rac5 23. Rxc5 Bxc5 24. Qe4 b6 25. Rd1 h6 26. Qa8 Ra7 27. Qc6 Rc7 28.
Qa8 Ra7 29. Qc6 Rc7 30. Qa8 Ra7 1/2-1/2

[Event "8th Sunway Sitges 2021"]
[Site "Sitges ESP"]
[Date "2021.12.15"]
[Round "3.32"]
[White "Kenneskog, Theodor"]
[Black "Karthik, Venkataraman"]
[Result "1-0"]
[WhiteTitle "FM"]
[BlackTitle "GM"]
[WhiteElo "2307"]
[BlackElo "2506"]
[WhiteFideId "1715011"]
[BlackFideId "25006479"]
[EventDate "2021.12.13"]

1. e4 c5 2. Nf3 d6 3. d4 cxd4 4. Nxd4 Nf6 5. Nc3 a6 6. Bg5 Nc6 7. Nxc6 bxc6 8.
Bc4 e6 9. Qe2 Be7 10. O-O-O Qa5 11. f4 h6 12. Bh4 Rb8 13. Bb3 Qh5 14. Qe1 O-O
15. h3 g5 16. Bg3 gxf4 17. Bxf4 e5 18. g4 Qg6 19. Be3 Kh7 20. Qd2 Rb4 21. Nd5
cxd5 22. Qxb4 d4 23. Bxd4 exd4 24. Rxd4 Qg5+ 25. Kb1 a5 26. Qe1 Qe5 27. c3 Kg7
28. Rf1 Bd8 29. Qd1 Bc7 30. Ka1 Rd8 31. Qf3 Rf8 32. Qd1 Bd7 33. a3 Rb8 34. Rd2
Rb6 35. Rdf2 Bd8 36. Bd5 Be6 37. Bxe6 fxe6 38. h4 Rb7 39. g5 hxg5 40. hxg5 Nxe4
41. Rf8 Qh2 42. b4 Bxg5 43. Qd4+ Qe5 44. Qxe5+ dxe5 45. Rc8 Bd2 46. Kb2 axb4 47.
cxb4 Bf4 48. Kc2 Nd6 49. Rc5 Kf6 50. Kb3 Ne4 51. Rc2 Ng3 52. Re1 e4 53. a4 e3
54. a5 Nf5 55. Ka4 Nd4 56. Rb2 e2 57. b5 Bg3 58. Rexe2 Nxe2 59. Rxe2 Rd7 60. b6
Rd4+ 61. Kb5 Rd5+ 62. Ka6 Ke7 63. Ra2 Be1 64. b7 Bg3 65. Ka7 Rd7 66. a6 Be5 67.
Re2 Bd6 68. Ka8 Bc5 69. a7 Bd4 70. Rc2 Rxb7 71. Kxb7 Bxa7 72. Kxa7 e5 73. Kb6
Ke6 74. Kc5 1-0

[Event "8th Sunway Sitges 2021"]
[Site "Sitges ESP"]
[Date "2021.12.15"]
[Round "3.33"]
[White "Martin Barcelo, Carles"]
[Black "Dann, Matthias"]
[Result "0-1"]
[BlackTitle "IM"]
[WhiteElo "2266"]
[BlackElo "2482"]
[WhiteFideId "24561444"]
[BlackFideId "24638056"]
[EventDate "2021.12.13"]

1. e4 c6 2. d4 d5 3. exd5 cxd5 4. Bd3 Nc6 5. c3 Nf6 6. Bf4 Bg4 7. Qb3 Qd7 8. Nd2
e6 9. Ngf3 Bd6 10. Bxd6 Qxd6 11. O-O O-O 12. Rfe1 Rab8 13. a4 Ne7 14. Ne5 Bf5
15. Qd1 Bxd3 16. Nxd3 Nf5 17. Qe2 Qc7 18. a5 Nd6 19. a6 b6 20. Nb4 Rfe8 21. Rad1
Rbc8 22. Qd3 h6 23. Qe2 Red8 24. Qf3 Qd7 25. Qe2 Rc7 26. Ra1 Qc8 27. Qf3 Rcd7
28. Qd1 Nc4 29. Qc2 Rd6 30. Rad1 Na5 31. Qa4 R8d7 32. Nf3 Rc7 33. Ne5 Nd7 34.
Ned3 Nc6 35. Nc2 Ndb8 36. Ra1 Na5 37. Ndb4 Nc4 38. Nd3 b5 39. Qb3 Nxa6 40. Nc5
Nxc5 41. dxc5 Rdd7 42. Qxb5 Rxc5 43. Qa6 Qxa6 44. Rxa6 Nxb2 45. Rb1 Nd3 0-1

[Event "8th Sunway Sitges 2021"]
[Site "Sitges ESP"]
[Date "2021.12.15"]
[Round "3.34"]
[White "Di Berardino, Diego Rafael"]
[Black "Rakshitta, Ravi"]
[Result "1-0"]
[WhiteTitle "IM"]
[BlackTitle "WIM"]
[WhiteElo "2480"]
[BlackElo "2240"]
[WhiteFideId "2105446"]
[BlackFideId "25073230"]
[EventDate "2021.12.13"]

1. d4 Nf6 2. c4 Nc6 3. Nf3 e6 4. a3 d6 5. Nc3 g6 6. e4 Bg7 7. Be2 O-O 8. O-O Re8
9. d5 Ne7 10. Qc2 exd5 11. cxd5 c6 12. dxc6 Nxc6 13. Bf4 Qe7 14. Rfe1 Bg4 15. h3
Bxf3 16. Bxf3 Ne5 17. Be2 Rac8 18. Rad1 a6 19. Qb3 b5 20. a4 Qb7 21. axb5 Nxe4
22. Bxe5 Bxe5 23. Nxe4 Qxe4 24. Bf3 Qf4 25. g3 Qg5 26. Bb7 axb5 27. Bxc8 Rxc8
28. Kg2 Qf6 29. Re2 Rb8 30. Qb4 g5 31. Rd5 Rc8 32. Qxb5 Rc1 33. Rd3 h5 34. Rf3
Qd8 35. Qd5 Qe7 36. Rf5 Rb1 37. Rf3 Kf8 38. Rf5 f6 39. Rf3 Kg7 40. Qe4 1-0

[Event "8th Sunway Sitges 2021"]
[Site "Sitges ESP"]
[Date "2021.12.15"]
[Round "3.35"]
[White "Alexiadis, Hristos"]
[Black "Kacharava, Nikolozi"]
[Result "1/2-1/2"]
[WhiteTitle "FM"]
[BlackTitle "IM"]
[WhiteElo "2285"]
[BlackElo "2469"]
[WhiteFideId "4249623"]
[BlackFideId "13611860"]
[EventDate "2021.12.13"]

1. d4 d5 2. c4 e6 3. Nf3 c6 4. cxd5 exd5 5. Bf4 Nf6 6. Qc2 Ne4 7. e3 Bb4+ 8.
Nbd2 Bf5 9. Bd3 Nxd2 10. Nxd2 Bxd3 11. Qxd3 Nd7 12. O-O Bxd2 13. Qxd2 O-O 14.
Qd3 a5 15. a4 Qe7 16. Qb3 Ra7 17. Rfc1 h6 18. Bc7 Re8 19. Bb6 Nxb6 20. Qxb6 Ra6
21. Qc5 Qd7 22. Ra3 Re6 23. Rb3 Rg6 24. Qc2 Ra8 25. Qe2 Re8 26. Qf3 Re4 27. Rc5
Qc7 28. g3 Rg5 29. Kf1 Re6 30. Ke1 Rf6 31. Qe2 Rgf5 32. f4 Re6 33. Kd1 Re7 34.
Qd2 b6 35. Rc2 Rf6 36. Rbc3 Qd7 37. Kc1 Re4 38. Kb1 Rfe6 39. Rb3 Qc7 40. Rcc3 g6
41. Qc2 Kg7 42. Qd2 Qb7 43. Qc2 Qc7 44. Qd2 Qa7 45. Qc2 Qa6 46. Qd3 Qa7 47. Qc2
Qb7 48. Qd2 Rd6 49. Rc2 1/2-1/2

[Event "8th Sunway Sitges 2021"]
[Site "Sitges ESP"]
[Date "2021.12.15"]
[Round "3.36"]
[White "Mohammad, Nubairshah Shaikh"]
[Black "Crevatin, Leo"]
[Result "1-0"]
[WhiteTitle "IM"]
[BlackTitle "CM"]
[WhiteElo "2429"]
[BlackElo "2238"]
[WhiteFideId "5053196"]
[BlackFideId "1726307"]
[EventDate "2021.12.13"]

1. Nf3 d5 2. g3 Bg4 3. Bg2 Nd7 4. h3 Bh5 5. O-O e5 6. d3 c6 7. c4 d4 8. e3 dxe3
9. Bxe3 Bd6 10. g4 Bg6 11. d4 Ne7 12. Nc3 O-O 13. Re1 exd4 14. Qxd4 Bc5 15. Qd2
Qc7 16. Bf4 Qc8 17. Bd6 Re8 18. Rad1 Kf8 19. Rxe7 Rxe7 20. Bxe7+ Kxe7 21. Na4
Qc7 22. Nxc5 Nxc5 23. Qg5+ Kf8 24. Qxc5+ Kg8 25. Qd6 1-0

[Event "8th Sunway Sitges 2021"]
[Site "Sitges ESP"]
[Date "2021.12.15"]
[Round "3.37"]
[White "Iglesias, Yosha"]
[Black "Sukandar, Irine Kharisma"]
[Result "0-1"]
[WhiteTitle "FM"]
[BlackTitle "IM"]
[WhiteElo "2252"]
[BlackElo "2407"]
[WhiteFideId "637823"]
[BlackFideId "7101937"]
[EventDate "2021.12.13"]

1. Nf3 Nf6 2. g3 c5 3. Bg2 Nc6 4. c4 d5 5. cxd5 Nxd5 6. d4 Nb6 7. dxc5 Qxd1+ 8.
Kxd1 Na4 9. Nc3 Nxc5 10. Be3 Na6 11. a3 Bg4 12. b4 O-O-O+ 13. Kc2 Nc7 14. Ng5
Bf5+ 15. Be4 Bxe4+ 16. Ncxe4 f5 17. Nf7 fxe4 18. Nxh8 Rd5 19. Rad1 Rf5 20. g4
Rf6 21. g5 Rf5 22. g6 h6 23. Rhg1 e6 24. Rg4 a5 25. bxa5 Rxa5 26. Rxe4 Rxa3 27.
Nf7 Ra2+ 28. Kb1 Rxe2 29. Nd6+ Bxd6 30. Rxd6 Nd5 31. Rxd5 exd5 32. Re8+ Kd7 33.
Rg8 d4 34. Rxg7+ Ke6 35. Rxb7 dxe3 36. fxe3 Rxh2 37. Rb6 Kd6 38. g7 Rg2 39. Rb7
Rg6 40. Kc1 Ke6 0-1

[Event "8th Sunway Sitges 2021"]
[Site "Sitges ESP"]
[Date "2021.12.15"]
[Round "3.38"]
[White "Hess, Max"]
[Black "Jimenez Ruano, Adrian"]
[Result "1-0"]
[WhiteTitle "FM"]
[BlackTitle "FM"]
[WhiteElo "2404"]
[BlackElo "2224"]
[WhiteFideId "24656666"]
[BlackFideId "22276050"]
[EventDate "2021.12.13"]

1. d4 d5 2. Nf3 Nf6 3. g3 g6 4. Bg2 Bg7 5. O-O O-O 6. c4 c6 7. b3 Bf5 8. Bb2
Nbd7 9. e3 Nb6 10. Qe2 Rc8 11. c5 Nbd7 12. Nh4 Bxb1 13. Raxb1 e5 14. dxe5 Ne8
15. e4 dxe4 16. Rfd1 Qe7 17. Bh3 Rc7 18. Qxe4 Nxc5 19. Qe3 b6 20. Bg2 f6 21. b4
Nd7 22. Qb3+ Kh8 23. e6 Ne5 24. f4 Ng4 25. h3 Nh6 26. Nf3 Nd6 27. Rbc1 Rfc8 28.
g4 c5 29. bxc5 bxc5 30. Qd5 Nb7 31. Ba3 Rd8 32. Qc4 f5 33. g5 Ng8 34. Rxd8 Nxd8
35. Re1 Qd6 36. Ne5 Nxe6 37. Nxg6+ hxg6 38. Rxe6 Bd4+ 39. Kh1 Qxf4 40. Re8 Rg7
41. Bxc5 Be5 42. Qxf4 Bxf4 43. Bd4 Bxg5 44. Bd5 1-0

[Event "8th Sunway Sitges 2021"]
[Site "Sitges ESP"]
[Date "2021.12.15"]
[Round "3.39"]
[White "Defromont, Benjamin"]
[Black "Dionisi, Thomas"]
[Result "0-1"]
[WhiteTitle "FM"]
[BlackTitle "IM"]
[WhiteElo "2250"]
[BlackElo "2396"]
[WhiteFideId "36068829"]
[BlackFideId "651893"]
[EventDate "2021.12.13"]

1. d4 Nf6 2. Nf3 e6 3. g3 b5 4. Bg2 Bb7 5. a4 b4 6. c4 c5 7. d5 exd5 8. Nh4 g6
9. cxd5 Bg7 10. O-O O-O 11. e4 d6 12. Re1 Re8 13. Nd2 Ba6 14. Qc2 Nbd7 15. Nc4
Nb6 16. Ne3 c4 17. Bd2 b3 18. Qb1 Nbd7 19. f3 Ne5 20. Bf1 Nfd7 21. Bc3 Bf6 22.
Neg2 g5 23. f4 gxh4 24. fxe5 Nxe5 25. Bxe5 Rxe5 26. Ne3 hxg3 27. Bxc4 Bxc4 28.
Nxc4 Rg5 29. e5 Qc8 30. Qd3 Qh3 31. Qe2 Bxe5 32. Rad1 Re8 0-1